000
00321nam a22001457a 4500
008
221109b ||||| |||| 00| 0 eng d
020
_a
9781584803270
041
_a
eng
080
_a
61
082
_a
61
100
_a
4
101
_a
MJK
245
_a
EMERGENCY MEDICAL RESPONSE
_c
AMERICAN RED CROSS
942
_2
udc
_c
BK
999
_c
58813
_d
58813